000 00960nam a2200253 a 4500
003 BD-DhJNU
005 20260119060948.0
008 251108s2002 bg |||g |||| 000 1|ben|d
020 _a9788175223646
020 _a9788175220218 (Set)
040 _aBD-DhJNU
_bben
_cBD-DhJNU
_dBD-DhJNU
041 _aben
082 _a891.44 TAR
_223
100 _aঠাকুর, রবীন্দ্রনাথ
242 1 0 _aRabindra Rachanabali (Vol. 9-11) /
_cRabindranath Tagore
245 1 0 _aরবীন্দ্র-রচনাবলী ৯-১১ খণ্ড /
_cরবীন্দ্রনাথ ঠাকুর
246 _aRabindra Rachanabali
260 _aকলকাতা :
_bবিশ্বভারতী,
_c2004.
300 _aখণ্ড :
_c২২ সেমি.।
490 _vখণ্ড : ৯-১১
650 _a বাংলা সাহিত্য -- সংগ্রহ
650 _aBengali Literature -- Collection
942 _cBK
999 _c2541
_d2541